Commonest Five-Letter English Words Quiz Stats

Quiz not verified by Sporcle

Challenge
Share
Tweet
Embed
Score 0/10 Timer 03:00
0 Plays Today
Rank Word % Correct
34there
82.1%
53their
69.3%
78could
53.3%
62would
52.9%
66these
46.7%
51which
42.7%
58about
38.5%
70thing
25.9%
38other
23.9%
63write
11.4%

You're not logged in!

Compare scores with friends on all Sporcle quizzes.
Sign Up with Email
OR
Log In

You Might Also Like...

Show Comments

Extras

Editor's Pick Oct 18, 2014SourceReportNominate
Tags:Nintendo Quiz, common, English

Top Quizzes Today


Score Distribution

Your Account Isn't Verified!

In order to create a playlist on Sporcle, you need to verify the email address you used during registration. Go to your Sporcle Settings to finish the process.